[Event "AUT-ch U08"]
[Site "Linz"]
[Date "2013.05.31"]
[Round "3"]
[White "Lauda, Dominik"]
[Black "Wagner, Leopold Franziskus"]
[Result "0-1"]
[WhiteElo "870"]
[BlackElo "1012"]
[PlyCount "52"]
[EventDate "2013.05.31"]
[EventType "swiss"]
[EventRounds "7"]
[EventCountry "AUT"]
[SourceTitle "EXT 2015"]
[Source "ChessBase"]
[SourceDate "2014.11.20"]
[SourceVersion "1"]
[SourceVersionDate "2014.11.20"]
[SourceQuality "1"]

1. e4 e5 2. Nf3 Nc6 3. Bc4 Nf6 4. Nc3 Nxe4 5. Nxe4 d5 6. Nc3 dxc4 7. 0-0 Bc5 8. Qe2 Bg4 9. Qe4 Be6 10. d3 cxd3 11. cxd3 0-0 12. Bg5 f6 13. Bd2 Qd6 14. Nb5 Qd7 15. d4 Nxd4 16. Qxb7 Rab8 17. Qa6 Rxb5 18. Nh4 Rxb2 19. Ng6 hxg6 20. Qd3 Bf5 21. Qe3 Nb3 22. Qe2 Rxd2 23. Qc4+ Qe6 24. Qh4 Bd3 25. Rfe1 Bxf2+ 26. Kh1 Bxh4 0-1